000 00653nmc a2200253 a 4500
003 AR-BaBNM
005 20251128211452.0
008 144020s1997 ||||||||||||||000 | spa||
020 _a950-724-488-3
040 _cAR-BaBNM
100 1 _aBurgess, Mark
245 1 0 _aMotín en la bahía
260 _aBuenos Aires
_bLumen
_c1997
300 _a48 p.
490 0 _aColección Puzzles-Lumen-Aventuras
650 4 _aCUENTOS DE AVENTURAS
650 4 _aLITERATURA INFANTIL
650 4 _aACTIVIDADES DE APRENDIZAJE
653 _aLITERATURA JUVENIL
655 _aLITERATURA
700 1 _aLarese Roja, Martha B.
942 _cBK
998 _cmartin
999 _c19777
_d19777